<?xml version="1.0" encoding="UTF-8"?>
<record
    xmlns:xsi="http://www.w3.org/2001/XMLSchema-instance"
    xsi:schemaLocation="http://www.loc.gov/MARC21/slim http://www.loc.gov/standards/marcxml/schema/MARC21slim.xsd"
    xmlns="http://www.loc.gov/MARC21/slim">

  <leader>01351nam a22002657i 4500</leader>
  <datafield tag="999" ind1=" " ind2=" ">
    <subfield code="c">22921</subfield>
    <subfield code="d">22921</subfield>
  </datafield>
  <controlfield tag="003">AR-CdUCM</controlfield>
  <controlfield tag="008">240523b20212021pe ||||| |||| 00| 0 spa d</controlfield>
  <datafield tag="020" ind1=" " ind2=" ">
    <subfield code="a">978-612-48745-5-0</subfield>
  </datafield>
  <datafield tag="040" ind1=" " ind2=" ">
    <subfield code="a">MUNICIPALIDAD PROVINCIAL DEL CUSCO</subfield>
    <subfield code="c">BIBLIOTECA MUNICIPAL DEL CUSCO</subfield>
  </datafield>
  <datafield tag="082" ind1=" " ind2=" ">
    <subfield code="a">985.04 / M61</subfield>
    <subfield code="b">M61</subfield>
  </datafield>
  <datafield tag="110" ind1=" " ind2=" ">
    <subfield code="a">Ministerio de Cultura del Per&#xFA; - Proyecto Especial Bicentenario de la Independencia del Per&#xFA;</subfield>
    <subfield code="9">49983</subfield>
  </datafield>
  <datafield tag="245" ind1=" " ind2=" ">
    <subfield code="a">Okaratsi 200 abisayetake Osarentsipaye isampitantsi :</subfield>
    <subfield code="b">Yora escolarespayeni Sankinabaeriantsi, sankinatakoyetsirori ikantsi osaikakotsi /  (texto en Ash&#xE1;ninka) </subfield>
  </datafield>
  <datafield tag="260" ind1=" " ind2=" ">
    <subfield code="a">Lima :</subfield>
    <subfield code="b">Ministerio de Cultura del Per&#xFA;,</subfield>
    <subfield code="c">2021</subfield>
  </datafield>
  <datafield tag="300" ind1=" " ind2=" ">
    <subfield code="a">149 p&#xE1;ginas. :</subfield>
    <subfield code="c">24cm.</subfield>
  </datafield>
  <datafield tag="505" ind1=" " ind2=" ">
    <subfield code="a">Apanpitashireakotyaro okanta asaikajetajeni kametsa -- Okantanaka paerani -- Okantayetani osarentsikipaye -- Kantakoyetajerori -- Obayeretantsi -- San Mart&#xED;n Bol&#xED;var tsikatsityakotakajerori -- El Per&#xFA; otikatsityakojetajain -- Apanpitashireakotyaro  okanta bicentenario </subfield>
  </datafield>
  <datafield tag="650" ind1=" " ind2=" ">
    <subfield code="a">Apanpitashireakotyaro okanta asaikajetajeni kametsa</subfield>
    <subfield code="9">49984</subfield>
  </datafield>
  <datafield tag="650" ind1=" " ind2=" ">
    <subfield code="a">Texto en Ash&#xE1;ninka</subfield>
    <subfield code="9">50004</subfield>
  </datafield>
  <datafield tag="650" ind1=" " ind2=" ">
    <subfield code="a">Okantanaka paerani</subfield>
    <subfield code="9">49985</subfield>
  </datafield>
  <datafield tag="650" ind1=" " ind2=" ">
    <subfield code="a">Okantayetani osarentsikipaye</subfield>
    <subfield code="9">49986</subfield>
  </datafield>
  <datafield tag="650" ind1=" " ind2=" ">
    <subfield code="a">Kantakoyetajerori</subfield>
    <subfield code="9">49987</subfield>
  </datafield>
  <datafield tag="856" ind1=" " ind2=" ">
    <subfield code="f">www.bicentenario.gob.pe/biblioteca</subfield>
  </datafield>
  <datafield tag="942" ind1=" " ind2=" ">
    <subfield code="2">ddc</subfield>
    <subfield code="c">LIBROS</subfield>
  </datafield>
  <datafield tag="945" ind1=" " ind2=" ">
    <subfield code="a">pbj</subfield>
    <subfield code="d">2024-05-23</subfield>
  </datafield>
  <datafield tag="952" ind1=" " ind2=" ">
    <subfield code="0">0</subfield>
    <subfield code="2">ddc</subfield>
    <subfield code="4">0</subfield>
    <subfield code="7">0</subfield>
    <subfield code="a">SH</subfield>
    <subfield code="b">SH</subfield>
    <subfield code="c">CART</subfield>
    <subfield code="d">2024-05-23</subfield>
    <subfield code="f">Dep&#xF3;sito L</subfield>
    <subfield code="g">10.00</subfield>
    <subfield code="o">985.04 / M61</subfield>
    <subfield code="p">SH0000016758</subfield>
    <subfield code="r">2024-05-23</subfield>
    <subfield code="y">LIBROS</subfield>
  </datafield>
</record>
